| 000 | 00559nam a2200181 4500 | ||
|---|---|---|---|
| 001 | 132712 | ||
| 003 | ES-MaACL | ||
| 005 | 20251011063136.0 | ||
| 007 | t| | ||
| 008 | 070214s1954 mx r ||||1| spa d | ||
| 100 | 0 |
_aRos, Antonio, _c(Médico) _999566 |
|
| 245 | 1 | 3 |
_aLa hialuronidasa en Oftalmología / _cAntonio Ros ; prólogo del Dr. Ignacio Barraquer. |
| 260 |
_aMéxico : _bGalas, _c1954. |
||
| 300 |
_a72 p. : _bil. ; _c19 cm. |
||
| 700 | 1 |
_aBarraquer, Ignacio. _925853 |
|
| 852 |
_aES-MaACL _j1988-F-5 _bR.36630 |
||
| 999 |
_c132712 _d132712 |
||